| 000 | 00822cam a2200265 4500 | ||
|---|---|---|---|
| 001 | B912 | ||
| 008 | 090401t1987 xxu||||| |||| 00| 0 eng d | ||
| 035 | _a(Sirsi) u38670 | ||
| 041 | _aeng | ||
| 050 | _a692.50285 | ||
| 090 | _aRICS 1987/18ABCD | ||
| 100 | _aAtkin, Brian | ||
| 245 | _aCAD techniques: opportunities for Chartered Quantity Surveyors | ||
| 260 |
_aLondon _bRoyal Institution of Chartered Surveyors _c1987 |
||
| 300 | _a120p. ; 30cm. | ||
| 350 | _a10 | ||
| 520 | _aSponsored by the QS Division of the RICS : prepared at the Department of Construction Management, University of Reading . | ||
| 650 | _aCOMPUTER AIDED DESIGN | ||
| 650 | _aCOMPUTERS | ||
| 650 | _aBUILT ENVIRONMENT-QUANTITY SURVEYING | ||
| 700 | _aGill, Moira | ||
| 700 | _aNewton, Sidney | ||
| 942 | _n0 | ||
| 948 | _c04/03/1997 | ||
| 999 |
_c90681 _d90681 |
||